00483 2200193 4500001002100000005001500021008004100036020002200077035001900099041000700118082000800125090001100133100001300144245003100157260003500188300002900223500001000252650002700262INLIS00000000000438720241224112912241224||||||||| | ||| |||| || |  a978-979-002-717-6 0010-1224004387 aid0 a639 a639.310 aM. SULHI00a99% SUKSES BUDIDAYA GURAMI aJakartabPenebar Swadayac2016 aiv+ 92 HAL.; ILU.; 23 CM aCET 1 0aILMU SENI DAN OLAHRAGA